• 首页
  • 本馆介绍
  • 公告通知
  • 最新文献
  • 馆藏检索
  • 电子资源
  • 读者导购
  • 参考咨询
  • 我的图书馆
  • 登录
  • 详细信息显示
  • 放入我的书架
  • 预约/预借图书
  • 作者相关作品
  • 分类相关作品
  • 丛书相关作品
  • 出版社相关作品

书目信息

  • 表格格式
  • 工作单格式
  • 卡片格式
题名:
新中国70年文学丛书
    
 
作者: 孟繁华 主编
分册: 第一卷   短篇小说卷
出版信息: 北京   作家出版社有限公司  2019.8
页数: 400页
开本: 23cm
丛书名:
单 册:
中图分类: I217.61 , I247.7
科图分类:
主题词: 中国文学--zhong guo wen xue--当代文学--作品集 , 短篇小说--duan pian xiao shuo--小说集--中国--当代
电子资源:
ISBN: 978-7-5212-0548-0
000 01446nam0 2200265 450
001 2159502808
005 20211012170116.59
010    @a978-7-5212-0548-0@dCNY57.00(全5册285.00)
100    @a20190912d2019 em y0chiy0120 ea
101 0  @achi
102    @aCN@b110000
105    @ay z 000ay
106    @ar
200 1  @a新中国70年文学丛书@Axin zhong guo 70nian wen xue cong shu@i短篇小说卷@h第一卷@f孟繁华主编
210    @a北京@c作家出版社有限公司@d2019.8
215    @a400页@d23cm
330    @a《新中国70年文学丛书·短篇小说卷》是庆祝中华人民共和国成立七十周年献礼丛书的短篇小说卷。入选的短篇小说作品经过专家认真评审,从经典性、文学性、时代性、影响力等方面进行综合考量,汇集当代具有广泛影响力的重要作家及其代表作品,集中展示中国人民在中国共产党领导下各个时期的历史变革、社会进步、经济繁荣和文化发展,以及在各个领域取得的举世瞩目的伟大成就。短篇小说卷共有五册,由著名评论家孟繁华担任主编,入选作品兼具经典性和可读性,丛书作者有萧也牧、孙犁、赵树理、王愿坚、周立波、宗璞等前辈作家,也有二十世纪八九十年代崛起的作家,还有世纪之交和新世纪以来涌现的新作家,真实反映了新中国成立七十年强大的作家阵容。
517 1  @a短篇小说卷@Aduan pian xiao shuo juan
606 0  @a中国文学@Azhong guo wen xue@x当代文学@x作品集
606 0  @a短篇小说@Aduan pian xiao shuo@x小说集@y中国@z当代
690    @aI217.61@v5
690    @aI247.7@v5
701  0 @a孟繁华@Ameng fan hua@4主编
801  0 @aCN@b百万庄@c20211009
905    @b1307608-611@dI217.61@e1059:1@f4
    
    新中国70年文学丛书.短篇小说卷.第一卷/孟繁华主编.-北京:作家出版社有限公司,2019.8
    400页;23cm
    
    
    ISBN 978-7-5212-0548-0:CNY57.00(全5册285.00)
    《新中国70年文学丛书·短篇小说卷》是庆祝中华人民共和国成立七十周年献礼丛书的短篇小说卷。入选的短篇小说作品经过专家认真评审,从经典性、文学性、时代性、影响力等方面进行综合考量,汇集当代具有广泛影响力的重要作家及其代表作品,集中展示中国人民在中国共产党领导下各个时期的历史变革、社会进步、经济繁荣和文化发展,以及在各个领域取得的举世瞩目的伟大成就。短篇小说卷共有五册,由著名评论家孟繁华担任主编,入选作品兼具经典性和可读性,丛书作者有萧也牧、孙犁、赵树理、王愿坚、周立波、宗璞等前辈作家,也有二十世纪八九十年代崛起的作家,还有世纪之交和新世纪以来涌现的新作家,真实反映了新中国成立七十年强大的作家阵容。
●
相关链接 在E读中查询图书 在五车中查询图书 在当当中查询图书 在豆瓣中查询图书


正题名:新中国70年文学丛书     索取号:I217.61/1059:1         预约/预借

序号 登录号 条形码 馆藏地/架位号 状态 备注
1 1307608   213076080   第一样本阅览室/ [索取号:I217.61/1059:1] 在馆    
2 1307609   213076099   第二借阅区/ [索取号:I217.61/1059:1] 在馆    
3 1307610   213076106   第二借阅区/ [索取号:I217.61/1059:1] 在馆    
4 1307611   213076115   第二借阅区/ [索取号:I217.61/1059:1] 在馆    
唐山师范学院图书馆 欢迎您!
大连网信软件有限公司© 版权所有